| 000 | 00732cam a22002293a 4500 | ||
|---|---|---|---|
| 001 | 28325 | ||
| 003 | PGUSA | ||
| 005 | 20140828083619.0 | ||
| 008 | 090314s2009||||xxu|||||s|||||000 | eng d | ||
| 040 |
_aPGUSA _beng |
||
| 042 | _adc | ||
| 050 | 4 | _aPN | |
| 100 | 1 |
_aCapuana, Luigi, _d1839-1915 |
|
| 245 | 1 | 0 |
_aGli 'ismi' contemporanei : _b(Verismo, Simbolismo, Idealismo, Cosmopolitanismo) ed altri saggi di critica letteraria ed artistica _h[electronic resource] / _cLuigi Capuana |
| 260 |
_bProject Gutenberg, _c2009 |
||
| 506 | _aPublic domain in the USA. | ||
| 516 | _aElectronic text | ||
| 653 | _aRomance literature | ||
| 830 | 0 |
_aProject Gutenberg _v28325 |
|
| 856 | 4 | 0 | _uhttp://www.gutenberg.org/ebooks/28325 |
| 942 | _cEB | ||
| 999 |
_c257580 _d257580 |
||